Ein Konflikt in der oberschlesischen Zentrumspartei: Zwei Briefe aus dem Jahre 1930
| Titel: | Ein Konflikt in der oberschlesischen Zentrumspartei: Zwei Briefe aus dem Jahre 1930 |
|---|---|
| Verfasser: | |
| In: |
Oberschlesisches Jahrbuch, Band 13 (1997), Seite 47-66 alle Artikel anzeigen |
| Veröffentlicht: | 1997 [1999] |
| Format: | Aufsatz |
| Sprache: | Deutsch |
X
alg: 39203605 001A $01999:11-11-16 001B $03025:30-03-26 $t14:45:59.000 001D $01999:11-11-16 001U $0utf8 001X $00 002@ $0Aox 003@ $0392036053 007A $0392036053 $aHEB 007T $0Herd51577 010@ $ager 011@ $a1997 $n1997 [1999] 021A $aEin @Konflikt in der oberschlesischen Zentrumspartei: Zwei Briefe aus dem Jahre 1930 028A $7118832476 $8Abmeier, Hans-Ludwig$Z1927-2025 [Tp1] $908717300X 031A $d13 $h47-66 $j1997 037A $aengl. Res. 276-277: Conflict within the Upper Silesian Centre Party: two letters from the year of 1930; poln. Res. 282 039B $aIn $8--Abvc--. Oberschlesisches Jahrbuch. - Ratingen : Stiftung Haus Oberschlesien, 1985-2009. - ISSN 0930-6978 $x199700000130000953 $904709043X 045F $a909 $eDDC23BSB 045F/01 $a909 045F/03 $f09043 045F/03 $g438 045F/03 $g4385 045T $a8,1 lok: 39203605 78 exp: 39203605 78 1 #EPN 201B/01 $029-10-18 $t22:56:18.000 201U/01 $0utf8 203@/01 $0788131982 208@/01 $a11-11-16 $be 209A/01 $a/ $f000 $x00 220C/01 $aTitelaufnehmer: cs 244Z/01 $2Trx $#Silesia $#Śląsk $#Sliezsko $#Slezsko $8--Trx--Schlesien $x01 $9391173987 244Z/01 $2Trx $#Poola $#Lenkija $#Polija $#Polen Land $#Poland $#Lengyelország $#Poľsko $#Polsko $8--Trx--Polska$gkraj $x02 $9391345966 244Z/01 $aGeschichte 1930 $x03 244Z/01 $#Ulitzka, Karl $#Klitzka, Carl $7122304330 $8--Tp1--Ulitzka, Carl$Z1873-1953 $x04 $9093255063 244Z/01 $2Trx $8--Trx--Ehrhardt, Franz $x05 $9390984027 244Z/01 $2Trx $8--Trx--Geisler, Georg $x06 $9391015877 244Z/01 $2Trx $#parteid, Saksa $#Vokietijos partijos $#political parties, German $#politikai pártok, német $#partie polityczne, niemieckie $#strany politické, nemecké $#strany politické, německé $8--Trx--Parteien, deutsche $x07 $9391361791 244Z/01 $2Trx $#katoliiklus $#katalikybė $#Catholicism $#katolicizmus $#katolicyzm $#katolicizmus $#katolicismus $8--Trx--Katholizismus $x08 $9391373471 244Z/01 $2Trx $#korrespondenst $#susirašinėjimas $#Correspondences $#levelezés $#korespondencja $#korešpondencia $#korespondence $#laiškai $#Briefe $#Schriftverkehr $#listy $#listy $#dopisy $8--Trx--Korrespondenz $x09 $9391359568 244Z/01 $2Trx $8--Trx--Zeitschriftenaufsatz $x10 $9391384341 245Z/01 $a07.03 $x01 247C/01 $82080>Marburg/Lahn, Herder-Institut, Forschungsbibliothek, Bibliographieportal $9336309341
| LEADER | 00000caa a22000002c 4500 | ||
|---|---|---|---|
| 001 | 392036053 | ||
| 003 | DE-603 | ||
| 005 | 20260330144559.0 | ||
| 007 | tu | ||
| 008 | 161111s1997 xx |||| | u00||u|ger c | ||
| 035 | |a (DE-599)HEB392036053 | ||
| 040 | |a DE-603 |b ger |c DE-603 |d DE-603 | ||
| 041 | |a ger | ||
| 082 | 0 | 4 | |8 1\u |a 909 |q DE-101 |2 23/BSB |
| 084 | |a 8,1 |2 ssgn | ||
| 085 | |8 1\u |b 909 | ||
| 085 | |8 1\u |z 1 |s 09043 | ||
| 085 | |8 1\u |z 2 |s 438 | ||
| 085 | |8 1\u |z 2 |s 4385 | ||
| 100 | 1 | |a Abmeier, Hans-Ludwig |d 1927-2025 |0 (DE-603)08717300X |0 (DE-588)118832476 |2 gnd | |
| 245 | 0 | 0 | |a Ein Konflikt in der oberschlesischen Zentrumspartei: Zwei Briefe aus dem Jahre 1930 |
| 264 | 0 | |c 1997 [1999] | |
| 500 | |a engl. Res. 276-277: Conflict within the Upper Silesian Centre Party: two letters from the year of 1930; poln. Res. 282 | ||
| 773 | 0 | 8 | |i In |t Oberschlesisches Jahrbuch |d Ratingen : Stiftung Haus Oberschlesien, 1985-2009 |h 24 cm |x 0930-6978 |g Band 13 (1997), Seite 47-66 |w (DE-603)04709043X |w (DE-600)82431-8 |
| 924 | 0 | |9 2080 |a (DE-603)788131982 |b DE-2080 |c HES |d d |g / | |


